| 000 | 00347cam a22001097a 4500 | ||
|---|---|---|---|
| 008 | 180718b1971 xxu||||| |||| 00| 0 eng d | ||
| 082 | _aY11037x5441 G949 | ||
| 100 | _aAnderson, F.G. Hartnell | ||
| 245 |
_aManual of land acquisition for the state of Gujarat _cby F.G. Hartnell Anderson |
||
| 260 |
_aBaroda _bGovernment Press _c1971 |
||
| 300 | _a304+p. | ||
| 999 |
_c499078 _d499078 |
||